000 00529nam a22001817a 4500
005 20250513132319.0
008 250513b |||||||| |||| 00| 0 eng d
040 _cDO
245 _aMeerkats stand tall
250 _aSeptember 2002 Vol 202 No 3
490 _aNational Geographic
520 _aWater Pressure, Down the Drain?, Meerkats, Crucible of the Gods, State of the planet, ZipUSA: 10013
650 _xGLOBAL FRESH WATER
650 _xSHRINKING GREAT LAKES
650 _xMERKATS
650 _xGODS
942 _2ddc
_cCR
999 _c5505
_d5505